| 000 | 00880nam a22002177a 4500 | ||
|---|---|---|---|
| 999 |
_c3066 _d3066 |
||
| 003 | AR-CdUCM | ||
| 008 | 190305b ||||| |||| 00| 0 spa d | ||
| 040 |
_aMUNICIPALIDAD PROVINCIAL DEL CUSCO _cBIBLIOTECA MUNICIPAL DEL CUSCO |
||
| 082 |
_a382.3 / _bM47 |
||
| 100 |
_aMayorga Gutiérrez, David _910406 |
||
| 245 | _aCasos peruanos de negocios internacionales / | ||
| 260 |
_aLima : . _bUniversidad del Pacífico, Centro de Investigación, _c1995. |
||
| 300 |
_a148 paginas ; _c 21 cm. |
||
| 505 | _aCaracterísticas del producto -- Siembra y producción -- El sector aerocomercial -- Objetivos metas de la empresa -- Características de las franquicias... | ||
| 650 |
_aPuertos francos _910407 |
||
| 650 |
_aEstudio de casos. _98657 |
||
| 650 |
_aNegocios internacionales _96089 |
||
| 710 |
_aUniversidad del Pacífico (Lima). _910408 |
||
| 942 |
_2ddc _cLIBROS |
||
| 945 | _awnts | ||